| Tag |
First Indicator |
Second Indicator |
Subfields |
| LEADER |
00000cam a2200000 a 4500 |
| 001 |
in00000079733 |
| 005 |
20151008054000.0 |
| 008 |
801114s1979 sw a b 00010 eng d |
| 020 |
|
|
|a 917210466X
|
| 020 |
|
|
|a 9172100664 (pbk.)
|
| 035 |
|
|
|a (OCoLC)06937063
|
| 035 |
|
|
|9 AAH9266AM
|
| 040 |
|
|
|a EEM
|c EEM
|d TXA
|d UtOrBLW
|
| 043 |
|
|
|a e-sw---
|
| 049 |
|
|
|a TXAM
|c [1803836]
|
| 090 |
|
|
|a QK327
|b .S93 no. 66
|
| 100 |
1 |
|
|a Jensén, Eva Waldemarson.
|
| 245 |
1 |
0 |
|a Successions in relationship to lagoon development in the Laitaure delta, North Sweden /
|c Eva Waldemarson Jensen.
|
| 264 |
|
1 |
|a Stockholm :
|b Almqvist & Wiksell International ;
|a Uppsala :
|b Svenska Vaxtgeografiska Sallskapet,
|c 1979.
|
| 300 |
|
|
|a 120 pages :
|b illustrations ;
|c 27 cm.
|
| 336 |
|
|
|a text
|b txt
|2 rdacontent
|
| 337 |
|
|
|a unmediated
|b n
|2 rdamedia
|
| 338 |
|
|
|a volume
|b nc
|2 rdacarrier
|
| 490 |
1 |
|
|a Acta phytogeographica Suecica,
|v 66, edidit Svenska Vastgeografiska Sallskapet
|
| 500 |
|
|
|a "Doctoral dissertation at Uppsala University, Sweden, 1979."
|
| 504 |
|
|
|a Bibliography: pages 112-115.
|
| 650 |
|
0 |
|a Plant succession
|z Sweden
|z Laitaure Delta Region.
|
| 650 |
|
0 |
|a Botany
|z Sweden
|z Laitaure Delta Region.
|
| 650 |
|
0 |
|a Lagoons
|z Sweden
|z Laitaure Delta Region.
|
| 830 |
|
0 |
|a Acta phytogeographica Suecica ;
|v 66.
|
| 999 |
|
|
|a MARS
|
| 999 |
f |
f |
|s 42e19e73-07b0-34f9-8e2f-aece94355af6
|i 436b9c20-2742-318f-9e78-b80c3ea543dd
|t 0
|
| 952 |
f |
f |
|p ric
|a Texas A&M University
|b Rellis Campus
|c Joint Library Facility
|d Remote Storage
|t 0
|e QK327 .S93 no.66
|h Library of Congress classification
|i unmediated -- volume
|m A14806218713
|
| 998 |
f |
f |
|a QK327 .S93 no.66
|t 0
|l Remote Storage
|